| 000 | 00459cam a2200193ua 4500 | ||
|---|---|---|---|
| 020 | _c12.00 | ||
| 041 |
_aeng _h |
||
| 082 |
_a581.1 _bKOC/TE |
||
| 100 | _aKochhar, P L . | ||
| 245 |
_aText book of plant physiology / _cP L Kochhar. _hTextual Documents |
||
| 250 |
_a7 / _b. |
||
| 260 |
_a : _bAtmaram and Sons , _c1964. |
||
| 300 | _a377 ; . | ||
| 365 | _a12.00 | ||
| 504 | _a | ||
| 700 | 1 | _aJoshi, A C . | |
| 942 | _cBK | ||
| 999 |
_c7425 _d7425 |
||